[Event "Ramat Gan Purim Rapid op"]
[Site "Ramat Gan"]
[Date "2023.03.06"]
[Round "5"]
[White "Bercovici, Yaniv"]
[Black "Penzias, Moti"]
[Result "1/2-1/2"]
[WhiteElo "1680"]
[BlackElo "2035"]
[PlyCount "80"]
[EventDate "2023.03.06"]
[EventType "swiss (rapid)"]
[EventRounds "5"]
[EventCountry "ISR"]
[SourceTitle "CBM 213 Extra"]
[Source "ChessBase"]
[SourceDate "2023.05.31"]
[SourceVersion "1"]
[SourceVersionDate "2023.05.31"]
[SourceQuality "1"]

1. c4 c5 2. Nc3 Nf6 3. g3 d5 4. cxd5 Nxd5 5. Bg2 Nc7 6. Nf3 Nc6 7. 0-0 e5 8. d3 Be7 9. Be3 0-0 10. Rc1 Bg4 11. h3 Be6 12. a3 Qd7 13. Kh2 Nd5 14. Nxd5 Bxd5 15. Bxc5 Rac8 16. Bxe7 Qxe7 17. b4 Bxf3 18. Bxf3 Nd4 19. Bg2 Rxc1 20. Qxc1 Nxe2 21. Qe3 Nd4 22. Re1 Re8 23. Qe4 Nc2 24. Rc1 Nxa3 25. Ra1 Nb5 26. Qxb7 Qxb7 27. Bxb7 Rb8 28. Bc6 Nd4 29. b5 Kf8 30. Rxa7 Nxb5 31. Bxb5 Rxb5 32. Ra4 Rd5 33. Re4 f6 34. Re3 Kf7 35. Kg2 Ke6 36. g4 Rd4 37. Kf3 Kd5 38. Ke2 Ra4 39. Kf3 Ra2 40. Re4 Ra7 1/2-1/2